| 000 | 01076nam a2200193 4500 | ||
|---|---|---|---|
| 999 |
_c63810 _d63810 |
||
| 003 | Ge_BSU | ||
| 005 | 20260120192951.0 | ||
| 008 | 260120s1972 ge ||||| |||| 00| 0 geo d | ||
| 041 | _ageo | ||
| 080 | _a330.12(479.22) ნ-94 | ||
| 100 |
_aნუცუბიძე, ა. _920876 |
||
| 245 |
_aხალხის მატერიალური კეთილდღეობა საქართველოს სს რესპუბლიკაში / _cა. ნუცუბიძე, რ. ხარბედია; ეკონომიკისა და სამართლის ინ-ტი. |
||
| 264 |
_aთბილისი : _bმეცნიერება, _c1972. |
||
| 300 |
_a75 გვ. ; _b21 სმ. |
||
| 653 | _aმატერიალური კეთილდღეობა საქართველოში | ||
| 700 |
_aხარბედია, რ. _eავტორი. _926131 |
||
| 710 |
_aეკონომიკისა და სამართლის ინსტიტუტი. _926706 |
||
| 942 |
_2udc _cᲬᲘᲒᲜᲘ |
||